AH International Schools' Libraries

Ecology for beginners / (Record no. 48249)

MARC details
000 -LEADER
fixed length control field 00407nam a2200121 4500
020 ## - INTERNATIONAL STANDARD BOOK NUMBER
International Standard Book Number 9781474998475
100 ## - MAIN ENTRY--PERSONAL NAME
Personal name Prentice, Andy,
Relator term author.
9 (RLIN) 85984
245 ## - TITLE STATEMENT
Title Ecology for beginners /
Statement of responsibility, etc written by Andy Prentice and Lan Cook, illustrated by Anton Hallmann.
260 ## - PUBLICATION, DISTRIBUTION, ETC. (IMPRINT)
Place of publication, distribution, etc London, England :
Name of publisher, distributor, etc Usborne ;
Date of publication, distribution, etc 2023.
300 ## - PHYSICAL DESCRIPTION
Extent 128 pages.
Dimensions 7.05 x 0.79 x 9.88 inches.
490 ## - SERIES STATEMENT
Series statement For beginners
942 ## - ADDED ENTRY ELEMENTS (KOHA)
Source of classification or shelving scheme
Koha item type Book
Holdings
Withdrawn status Lost status Source of classification or shelving scheme Damaged status Not for loan Home library Current library Date acquired Total Checkouts Full call number Barcode Date last seen Date checked out Price effective from Koha item type
          Logos International School Logos International School 01/29/2025 9 J 574.5 PRE 040303 03/02/2026 02/23/2026 01/29/2025 Book

For any Logos Library related questions please contact Miss Art at swongnarasuk@asianhope.org.

For any Asian Hope Library related questions please contact Miss Raza at graza@asianhope.org.

Click here to explore our ebooks!

Powered by Koha